| 000 | 00481nam a2200169Ia 4500 | ||
|---|---|---|---|
| 005 | 20250326141835.0 | ||
| 008 | 250326s9999 xx 000 0 und d | ||
| 037 | _aTextbook | ||
| 040 |
_aFMSL _beng _cFMSL |
||
| 041 |
_aeng _2eng |
||
| 084 |
_aX9B8(A) M6;1 _qFMSL |
||
| 245 | 0 | _aPlanning A small scale industry : Guide to enterpreneurs | |
| 260 |
_aDelhi _bDelhi, S.S.Books _c1986 |
||
| 300 | _avi,223 | ||
| 942 |
_cTB _hX9B8(A) M6;1 |
||
| 999 |
_c1292232 _d1292232 |
||